Fußball 1 gegen 1 #3 (Inzaghi:Baggio) - Statistiken

Allgemein
  • Dieses Quiz wurde 33 mal gespielt
  • Das Durchschnittsergebnis liegt bei 8 aus 15
Antwortstatistiken
Frage Antwort % Korrekt
Wer von beiden hat mehr individuelle Auszeichnungen? Baggio
88%
Wer von beiden hat mehr Vorlagen? (Nur auf Vereinsebene) Baggio
75%
Wer von beiden hat mehr Tore? (Nur auf Vereinsebene) Inzaghi
75%
Wer von beiden hatte jemals eine höhere Trikotnummer? (Nur auf Vereinsebene) Baggio
63%
Wer von beiden hat mehr Länderspiel-Tore? Baggio
63%
Wer von beiden siegte öfter im direkten Vergleich gegen den Anderen? Inzaghi
63%
Wer von beiden hat mehr Vereins-Titel? Inzaghi
63%
Wer von beiden gab jünger sein Profi-Debut? Baggio
50%
Wer von beiden hat einen höheren Torrekord in einem Spiel? (Nur auf Vereinsebene) Baggio
50%
Wer von beiden hat mehr Spiele für einen Verein? Inzaghi
50%
Wer von beiden erzielte am meisten Ablöse? Inzaghi
50%
Wer von beiden beendete seine Karriere jünger? Baggio
38%
Wer von beiden hat mehr Nationalmannschafts-Spiele? Inzaghi
38%
Wer von beiden erzielte jünger sein Debut-Tor? Baggio
25%
Wer von beiden bestritt mehr Spiele? (Nur auf Vereinsebene) Inzaghi
25%
Keine übereinstimmenden Quizze gefunden
Verteilung der Resultate
Anzahl Personen mit jedem Resultat
Perzentil nach korrekt beantworteten Fragen
Ihre Resultats-Entwicklung
Sie haben dieses Quiz noch nicht gespielt